Editor's toolkit: A hands-on guide to the craft of film and TV editing (Record no. 396875)

MARC details
000 -LEADER
fixed length control field 00541 a2200193 4500
005 - DATE & TIME
control field 20260401115736.0
008 - FIXED-LENGTH DATA ELEMENTS--GENERAL INFORMATION
fixed length control field 260319b |||||||| |||| 00| 0 eng d
020 ## - ISBN
International Standard Book Number 9780367242480
Price Rs. 1795.00
040 ## - CATALOGING SOURCE
Original cataloging agency VIVEKANANDA LIBRARY
082 ## - DDC NUMBER
Classification number 777.55
Book Number W119E
100 ## - MAIN ENTRY--PERSONAL NAME
Personal name Wadsworth, Chris
245 ## - TITLE STATEMENT
Title Editor's toolkit: A hands-on guide to the craft of film and TV editing
260 ## - PUBLICATION, DISTRIBUTION, ETC. (IMPRINT)
Name of publisher, distributor, etc Focal Press
Date of publication, distribution, etc 2025
Place of publication, distribution, etc New York
300 ## - PHYSICAL DESCRIPTION
Pages xiv, 252
650 ## - Subject
Subject Motion Pictures
650 ## - Subject
Subject Television Production
650 ## - Subject
Subject Video Editing
942 ## - ADDED ENTRY ELEMENTS (KOHA)
Koha item type Books
Holdings
Withdrawn status Lost status Source of classification or shelving scheme Damaged status Not for loan Location (home branch) Sublocation or collection (holding branch) Shelving location Date acquired Koha issues (times borrowed) Koha full call number Accession No. Koha date last seen Koha item type
    Dewey Decimal Classification     VIVEKANANDA LIBRARY VIVEKANANDA LIBRARY IMSAR Library 17/02/2026   777.55 W119E 420869 17/02/2026 Books
    Dewey Decimal Classification     VIVEKANANDA LIBRARY VIVEKANANDA LIBRARY IMSAR Library 17/02/2026   777.55 W119E 420868 17/02/2026 Books
© Designed and Maintained by Vivekananda Library, MDU Rohtak